000 00312 a2200157 4500
001 58657
020 _a8526219359
040 _cAnchieta - Pituba
100 _aResende, Otto Lara
240 1 0 _aMãe
_lpor
245 1 0 _aMãe
300 _a102
362 0 _a1993
650 4 _aFicção brasileira
942 _cBK
999 _c58657
_d58657